[Event "Tan Chin Nam Cup 2nd"]
[Site "Beijing"]
[Date "1996.??.??"]
[Round "7"]
[White "Miles, Anthony John"]
[Black "Zhang, Zhong"]
[Result "0-1"]
[WhiteElo "2630"]
[BlackElo "2425"]
[Annotator "Ribli,Z"]
[PlyCount "60"]
[EventDate "1996.08.??"]
[EventType "tourn"]
[EventRounds "9"]
[EventCountry "CHN"]
[EventCategory "10"]
[SourceTitle "CBM 055"]
[Source "ChessBase"]
[SourceDate "1996.12.01"]
[SourceVersion "1"]
[SourceVersionDate "1996.12.01"]
[SourceQuality "1"]

1. c4 f5 {Ribli.Fuer die Hollaendische Verteidigung eine "beachtenswerte"
Zugfolge. Die Varianten 1.d4 f5 2.Bg5, oder 2.e4 sind bekannt, in dieser
Partie jedoch kann Weiss den Zug d4 vermeiden.} 2. g3 Nf6 3. Bg2 g6 4. Nc3 Bg7
5. Nf3 O-O 6. O-O d6 7. d3 Nc6 8. Rb1 e5 (8... a5 9. a3 e5 10. b4 axb4 11. axb4
h6 12. b5 Ne7 {Ribli. Das ist die normale Hauptvariante, wenn Schwarz eine
offene Linie hat. Der Textzug ist natuerlich auch gut, aber mir scheint 8...a5
noch praeziser.}) 9. Bg5 (9. b4 h6 10. b5 Ne7 11. a4 Be6 12. Nd2 (12. Ba3 Rc8
$5 13. Nd2 b6 14. e3 g5 15. d4 exd4 16. exd4 f4 17. Re1 Bg4 18. Nf3 Qd7 19. c5
Rce8 $1 20. Rc1 Nf5 $40 {Psakhis,L-Kasparov,G/Murcia m/1990/}) 12... Rb8 13. a5
g5 14. Ba3 Qd7 (14... b6 15. Bb4 g4 16. Ra1 h5 17. axb6 axb6 18. e3 f4 $40 {
Plachetka,J-Sokolov,I/Stary Smokovec/1991/}) 15. Qa4 b6 16. Bb2 h5 {
Spangenberg,H-Onischuk,Al/WchJM-U20 Halle/1995/EXP48/}) 9... h6 10. Bxf6 Qxf6
$10 11. Nd2 $6 (11. Nd5 Qf7 12. b4 Nd8 13. b5 Ne6 14. Nd2 g5 15. e3 Kh8 16. Nb4
Nc5 17. a4 f4 18. g4 $6 Be6 19. a5 e4 $1 20. d4 f3 21. Bh3 h5 22. dxc5 hxg4 23.
Nxe4 Qh5 $19 {Ragozin,E-Vyzmanavin,A/Helsinki op/1992/INF55,30/}) 11... Qd8 12.
e3 $6 (12. b4 e4) (12. Nd5) 12... Ne7 13. b4 c6 14. b5 Qc7 15. bxc6 bxc6 16.
Qa4 {Ribli. Das ist ein uebliches Manoever, aber in dieser Partie bringt das
nichts fuer Weiss.} (16. Qe2 $5 $10) (16. Qc2) 16... f4 $15 17. Rfe1 Bf5 18.
Nce4 Rab8 19. Rb3 (19. Qa3) 19... h5 $1 {Ribli.Sehr starker Zug. Der schwarze
Laeufer kommt durch h6 ins Spiel. Spaeter droht eventuell h5-h4. Weiss hat
nichts besonderes am Damenfluegel.} 20. c5 d5 21. Nd6 Rxb3 22. Qxb3 Qa5 $1 $17
{Ribli. Die Fesselung auf der Diagonalen a5-e1 ist sehr unangenehm fuer Weiss.
Jetzt hat sich der Kriegsschauplatz zum Koenigsfluegel verlagert.} 23. Qc2 (23.
Nxf5 Nxf5 {Ribli.Dieser Tausch hilft nur Schwarz.}) 23... fxe3 $1 {Ribli. Im
richtigen Moment. Sonst kann Weiss e3-e4 ziehen, mit geschlossener Stellung.}
24. fxe3 Bh6 25. h3 (25. Re2 Bg4 26. Nb3 Qb4 $19) 25... d4 $19 {Ribli.Das
bedeutet den Zusammenbruch fuer Weiss. Er verliert Material.} 26. N6c4 Qxc5 27.
a3 $2 (27. e4 {Ribli. Weiss hat eine schlechte Stellung mit einen Bauern
weniger, aber er hat noch etwas Hoffnung. Der Textzug gibt die Partie auf.})
27... dxe3 28. Nb3 Qb5 29. Bf1 Qd5 30. Nxe3 Qf3 {Ribli. Eine sehr stark
gespielte Partie von Zhang Zhong. Dieser unbekannte Chinese war nicht nur in
dieser Partie in Beijing open eine grosse Ueberraschung.} 0-1

[Event "Olympiad-36"]
[Site "Mallorca"]
[Date "2004.10.26"]
[Round "11"]
[White "Macieja, Bartlomiej"]
[Black "Movsesian, Sergei"]
[Result "1-0"]
[WhiteElo "2613"]
[BlackElo "2629"]
[Annotator "Ribli,Z"]
[PlyCount "103"]
[EventDate "2004.10.15"]
[EventType "team-swiss"]
[EventRounds "14"]
[EventCountry "ESP"]
[SourceTitle "CBM 104"]
[Source "ChessBase"]
[SourceDate "2005.01.27"]
[SourceVersion "1"]
[SourceVersionDate "2005.01.27"]
[SourceQuality "1"]
[WhiteTeam "Poland"]
[BlackTeam "Slovakia"]
[WhiteTeamCountry "POL"]
[BlackTeamCountry "SVK"]

1. c4 e5 2. g3 Nc6 3. Bg2 g6 4. Nc3 Bg7 5. d3 d6 6. e4 {Mit diesem Zug gibt
Weiß die Kontrolle über das d4-Feld auf, aber kontrolliert stark den d5-Punkt.}
f5 {Dieser Zug ist gewöhnlich und logisch, aber eigentlich hat Schwarz auch
andere Möglichkeiten, so wie 6...h5, 6...Nd4 und 6...Nge7.} 7. exf5 {
Gewöhnlich wartet Weiß mit diesem Tausch und entwickelt zuerst seine Figuren.}
(7. Nge2 Nf6 8. O-O O-O 9. h3 (9. Nd5 $5) 9... Be6 10. exf5 gxf5 11. Bg5 Qd7
12. Kh2 Kh8 13. Qd2 Rae8 $11 14. b3 (14. Rae1) 14... Ng8 $1 15. Be3 f4 $5 $36 {
[%mdl 4] 0-1 Grunberg,M-Nikolic,P/Antalya 2004/CBM 101/[Ribli] (61) Schwarz
opfert einen Bauern und verschlechtert die weiße Bauernstruktur.}) 7... Bxf5 (
7... gxf5 $6 8. Qh5+ $14) 8. Nge2 Qd7 (8... Nge7 9. O-O O-O 10. h3 Qd7 11. Kh2
Rae8 12. Be3 Be6 13. Ne4 h6 14. b4 g5 15. b5 Nd4 16. Bxd4 exd4 17. a4 b6 18.
Qd2 d5 {1/2-1/2 Sher,M-Riegler,P/Bled 1993/TD (61)}) 9. O-O (9. Nd5 Nf6 10. Bh6
O-O 11. Bxg7 Kxg7 12. Nxf6 Rxf6 13. O-O Raf8 {1/2-1/2 Granados Gomez,
M-Moskalenko,V/Castellar del Valles ESP 2004/ (34)}) 9... Nge7 (9... Nf6) 10.
Be3 (10. Bg5 $5 {Der Läufer steht aktiv auf g5 und im Falle von 10...h6 ist
die schwarze Königsstellung schwach.}) 10... O-O 11. d4 {Dieser Zug führt zu
Vereinfachungen, aber auf diese Weise befreit sich Weiß von der Schwächung des
d4-Felds.} exd4 12. Nxd4 Bh3 $11 {Schwarz möchte die gefährlichste weiße Figur,
den g2-Läufer tauschen.} (12... Nxd4 13. Bxd4 Bxd4 14. Qxd4 $14) 13. Bxh3 Qxh3
14. f4 {[%mdl 32] Mit diesem Zug gewinnt Weiß Raum am Königsflügel und
verteidigt sich hauptsächlich gegen 14...Ne5. In solchen Stellungen muss Weiß
auch mit 14...Bxd4 15.Bxd4 Nf5 rechnen, aber nach der Partiefortsetzung konnte
weiß hier 16.Bf2 spielen.} Rae8 15. Qd2 Nf5 16. Nxf5 Bxc3 (16... gxf5 17. Nd5
$11) (16... Qxf5 17. Nd5 $11) 17. Nh6+ $1 {Auf diese Weise sendet Weiß die
schwarze Dame nach h6 (statt f5).} (17. Qxc3 Qxf5 $15 {[%csl Ye4]}) 17... Qxh6
18. Qxc3 Qg7 (18... Re4 19. Rae1 $11) 19. Qxg7+ Kxg7 20. Bd2 {[%cal Gd2c3,
Gc3g7]} Re4 21. b3 Nd4 (21... Rfe8 22. Rae1 Nd4 23. Rxe4 Rxe4 24. Bc3 $11) 22.
Bc3 {[%cal Gc3g7]} Kf7 23. Bxd4 Rxd4 24. Rad1 (24. f5 g5) 24... Rxd1 (24... Re4
25. Rfe1 Rfe8 26. Rxe4 Rxe4 27. Kf2 $11) 25. Rxd1 {[%mdl 4096] Weiß hat einen
kleinen Raumvorteil, aber das hat keine Bedeutung - die Stellung ist gleich.}
Re8 26. Kf2 a6 27. Kf3 h5 (27... b5 $11) 28. h3 {[%cal Gg3g4] Weiß mobilisiert
seine Bauernmehrheit am Königsflügel.} Kf6 29. g4 hxg4+ 30. hxg4 Rh8 31. Kg3 b6
(31... Re8 32. Kf3 Rh8 $11) 32. Rd2 Re8 33. Kf3 Re1 (33... Rh8 $11) 34. Rh2 Ra1
35. Rh7 g5 $2 (35... Rxa2 36. Rxc7 Rb2 37. g5+ Ke6 38. Rg7 Rxb3+ 39. Ke4 $16) (
35... c5 $1 $11) 36. fxg5+ Kxg5 37. Rxc7 Rxa2 38. Rc6 $16 {[%csl Gc6][%cal
Rc6d6,Rc6a6] Der c6R steht ausgezeichnet, gleichzeitig hängen der b6- und der
d6-Bauern und Schwarz hat keine Verteidigung, nach 38...Ra3, oder 38...Rb2
spielt Weiß 39.Rxb6 mit einem Bauern mehr.} b5 39. cxb5 Ra3 (39... axb5 40.
Rxd6 $18 {[%cal Rd6d5,Rd5b5,Rd5g5]}) 40. bxa6 Rxb3+ 41. Ke4 Kxg4 42. Rxd6 $18 {
[%csl Ga6,Rg4] Der schwarze König ist abgeschnitten und der a6P gewinnt die
Partie.} Ra3 (42... Kg5 43. Kd5 $18) 43. Ke5 Ra5+ 44. Ke6 Kf4 45. Kd7 {[%cal
Gd7c7,Gc7b7] Der weiße König geht einfach nach b7 - Schwarz hat keine
Verteidigung.} Ke5 46. Kc7 Ra1 47. Rh6 Kd5 48. Kb7 Kc5 49. Rh5+ (49. a7 Rb1+
50. Kc7 Ra1 51. Rh5+ Kc4 (51... Kb4 52. Kb7 $18) (51... Kd4 52. Kb6 $18) 52.
Kb6 Rb1+ 53. Ka6 Ra1+ 54. Ra5 $19) 49... Kd6 50. a7 Rb1+ 51. Ka6 Ra1+ 52. Ra5
1-0

[Event "URS-ch58"]
[Site "Moscow"]
[Date "1991.??.??"]
[Round "6"]
[White "Vaganian, Rafael A"]
[Black "Kantsler, Boris"]
[Result "0-1"]
[WhiteElo "2585"]
[BlackElo "2430"]
[Annotator "Ribli,Z"]
[PlyCount "94"]
[EventDate "1991.11.??"]
[EventType "swiss"]
[EventRounds "11"]
[EventCountry "URS"]
[SourceTitle "URS-ch"]
[Source "ChessBase"]
[SourceDate "1999.07.01"]
[SourceVersion "1"]
[SourceVersionDate "1999.07.01"]
[SourceQuality "1"]

1. Nf3 g6 2. c4 Bg7 3. g3 d6 4. Bg2 Nf6 5. Nc3 O-O 6. O-O e5 7. d3 Nc6 8. Rb1
a5 9. a3 Nd4 10. Nd2 (10. Bg5 h6 11. Bxf6 Bxf6 12. b4 axb4 13. axb4 Bg4 14.
Nxd4 exd4 15. Ne4 Ra2 16. Re1 Bg7 17. Ra1 Qa8 $13 {Anastasian,A-Akopian,V
Erevan 1989 CBM/14}) (10. Nxd4 exd4 11. Nb5 Ne8 12. e3 dxe3 13. Bxe3 c6 14. Nd4
Nf6 15. h3 a4 $13 {Miralles,G-Cvitan,O Vrsac 1989 CBM/15}) 10... c6 11. b4 axb4
12. axb4 Bd7 (12... Bg4 13. h3 Bd7 14. Kh2 Nh5 15. c5 d5 16. e3 Ne6 17. Na4 f5
18. Nb6 Rb8 19. e4 $1 $14 {Larsen,B-Portisch,L Biel izt 1976}) 13. Bb2 Qc7 14.
e3 Nf5 15. Qe2 Ne7 16. Rfc1 Ng4 17. h3 Nf6 18. b5 Bf5 19. Ra1 h5 20. Na4 Nc8
21. bxc6 bxc6 22. c5 d5 23. e4 dxe4 24. dxe4 Be6 25. Nc4 $14 Nd7 26. Bc3 h4 27.
g4 (27. gxh4 $5 $14) 27... Qd8 28. Rcb1 Ne7 29. Ncb6 Ra7 30. Qe3 Nc8 31. Rd1 (
31. Nxc8 Qxc8 32. Nb6 Rxa1 33. Rxa1 Qc7 $13) 31... Qe7 32. Nd5 Qd8 33. Nb4 Ne7
34. Be1 $2 (34. Nb6) 34... Qa8 $1 35. Nb6 Rxa1 36. Nxa8 Rxd1 $19 37. Nb6 Nxc5
38. Bf3 Rb1 39. Na4 Nb3 40. Kg2 Nd4 41. Nc5 Bc4 42. g5 Be2 43. Bxe2 Rxe1 44.
Qa3 Nxe2 45. Qa7 Nf4+ 46. Kh2 Rd8 47. Nd7 Rxe4 0-1

[Event "Olympiad-34"]
[Site "Istanbul"]
[Date "2000.10.30"]
[Round "3.1"]
[White "Miezis, Normunds"]
[Black "Seirawan, Yasser"]
[Result "1-0"]
[WhiteElo "2518"]
[BlackElo "2647"]
[Annotator "Ribli,Z"]
[PlyCount "95"]
[EventDate "2000.10.28"]
[EventType "team-swiss"]
[EventRounds "14"]
[EventCountry "TUR"]
[SourceTitle "EXT 2001"]
[Source "ChessBase"]
[SourceDate "2000.11.22"]
[SourceVersion "1"]
[SourceVersionDate "2000.11.22"]
[SourceQuality "1"]
[WhiteTeam "Latvia"]
[BlackTeam "US of America"]
[WhiteTeamCountry "LAT"]
[BlackTeamCountry "USA"]

1. c4 e5 2. Nc3 Nc6 3. g3 g6 4. Bg2 Bg7 5. d3 {Wir haben eigentlich eine
Stellung aus der Sizilianischen Verteidigung - Geschlossene Variante - mit
vertauschten Farben vor uns.} Nge7 6. e4 {Es ist interessant, dass der
lettische Großmeister praktisch immer diese Stellung anstrebt. Es ist zwar
richtig, dass das Feld d4 schwach ist, dafür aber hat Weiß ein starkes
Bauernzentrum und Kontrolle über das Feld d5.} d6 7. Nge2 h5 (7... O-O 8. O-O
Be6 9. Nd5 Qd7 10. Be3 f5 11. Qd2 Rae8 $6 12. Rac1 Rf7 13. b4 (13. f3 Nc8 14.
b3 Nd8 15. exf5 Bxf5 16. d4 $14) 13... Nc8 14. b5 Nd8 15. exf5 Bxf5 (15... gxf5
16. f4 $14) 16. Rfe1 $1 Bh3 17. Bh1 c6 18. bxc6 bxc6 19. Ndc3 c5 20. Rb1 $1 {
1-0 Ribli,Z-Mokry,K/Moscow 1994/CBM 45/[Ribli] (33)}) (7... Nd4 8. Nxd4 exd4 9.
Ne2 $14) 8. h4 (8. h3) 8... O-O (8... Be6 9. Bg5 f6 10. Be3 Qd7 11. Nd5 O-O 12.
O-O (12. Qd2 Kh7 13. O-O Ng8 14. Rac1 Nce7 15. d4 c6 16. Nxe7 Qxe7 17. d5 Bf7
18. c5 {1-0 Wilhelmi,C-Enzmann,S/Halle 1996/Juniors (32)}) 12... f5 13. Bg5 Rf7
14. Qd2 Raf8 15. Rae1 fxe4 16. dxe4 Bg4 17. b3 Kh7 18. f4 Ng8 19. Ne3 Bh3 20.
f5 {1/2-1/2 Bareev,E-Azmaiparashvili,Z/Shenyang CHN 2000/The Week in Chess 305
(35)}) 9. O-O Bg4 (9... Be6 10. Nd5 Qd7 11. Be3 $14) 10. f3 Be6 11. Nd5 $14 {
Dank seiner aktiven Springerstellung hat Weiß etwas bessere Chancen. Im Falle
von Nd4 kann Weiß immer Nxd4 spielen, und Schwarz hat keinen Ausgleich.} Qd7
12. Bg5 (12. Be3 f5) 12... f6 13. Be3 f5 14. Qd2 Rf7 (14... Rae8 $14) 15. Bg5 {
[%csl Gd5,Gg5] Weiß hat das bessere Figurenspiel - der Bg5 und der Nd5 stehen
aktiv.} Kh7 $1 {Eine ausgezeichnete Fortsetzung - der Nc6 steht schlecht,
deshalb bereitet Schwarz das folgende Manüver vor: der Ne7 geht nach g8 und
macht so Platz für den anderen Springer auf e7. Eine tiefe Idee!} (15... Raf8
16. b4 Nc8 17. Rac1 Nd8 18. f4 $14) 16. b4 {Wie üblich in dieser Variante
gewinnt Weiß Raum am Damenflügel.} Ng8 $1 (16... Raf8 17. b5 Bxd5 18. exd5 Nd8
19. Rae1 $36) 17. Rab1 (17. exf5 Bxf5 18. Rae1 $14) 17... Raf8 18. b5 Nce7 $13
19. f4 c6 {Es ist verständlich, dass Schwarz den Nd5 vertreiben möchte, aber
in diesem Fall bekommt Weiß die Herrschafft über die b-Linie.} (19... fxe4 20.
dxe4 Nf6 $13) 20. bxc6 bxc6 21. Ne3 Nh6 (21... Nf6 $13) 22. d4 (22. fxe5 dxe5
$13) 22... exd4 $6 (22... fxe4 $5 23. dxe5 (23. Bxe4 Nhf5 24. d5 Nxe3 25. Qxe3
cxd5 26. cxd5 Bh3 $13) 23... dxe5 24. Qxd7 Bxd7 $11) 23. Nxd4 fxe4 24. Bxh6
Bxh6 25. Bxe4 Bg7 $6 {Dieser Zug kommt automatisch - Schwarz möchte seine
Läuferstellung verbessern, aber es verschafft Weiss ein schönes taktisches
Motiv.} (25... Bh3 26. Rfe1 Bg7 27. Nf3 $14) (25... Re8) {[#]} 26. Rb7 $1 {
[%mdl 64] Mit diesem vorübergehenden Opfer bekommt Weiß gefährliche
Angriffschancen.} Qxb7 27. Nxe6 {[%cal Re6g5,Rg5h7,Rg5f7,Re6f8] Droht 28.Nxf8+
und gleichzeitig 28.Ng5+ - Weiß gewinnt das Material zurück.} Qd7 28. Nxf8+
Rxf8 29. f5 $36 {[%mdl 128]} Kg8 $2 {Schwarz vermeidet zwar die
Unannehmlichkeiten auf der Diagonale b1-h7, besser aber wäre es, so viel
Material wie möglich abzutauschen.} (29... Nxf5 $1 30. Nxf5 gxf5 31. Rxf5 (31.
Bxf5+ $2 Rxf5 32. Qd3 Kg6 $19) 31... Rxf5 32. Qg5 Kg8 33. Bxf5 Qe8 34. Kf2 Qf7
35. Qd8+ (35. Qg6 d5 $11) 35... Bf8 $11) 30. Qd3 $6 (30. fxg6 $5 $16) 30... Be5
(30... Nxf5 31. Nxf5 gxf5 32. Bxf5 Qe7 $11) 31. Kg2 $16 d5 (31... Nxf5 32. Nxf5
gxf5 33. Bxf5 Qe7 34. Bh7+ Kh8 35. Bg6 $16) 32. cxd5 cxd5 33. fxg6 Rxf1 34.
Qxf1 Qe6 (34... dxe4 35. Qf7+ $18) 35. Bf5 Qf6 (35... Nxf5 36. Qxf5 Qxf5 37.
Nxf5 $18) 36. Qf3 d4 (36... Bxg3 37. Kxg3 (37. Nxd5 Qb2+ 38. Kxg3 Qe5+) 37...
d4 38. Qxh5 dxe3 39. Bd3 Qf2+ (39... Qd6+ 40. Kf3 $18) 40. Kh3 $18) 37. Nd5
Nxd5 38. Qxd5+ Kf8 (38... Kg7 39. Qb7+ {[%cal Rb7g7,Rb7a7]}) 39. Qa8+ Ke7 40.
Qxa7+ {Weiß hat schon zwei Bauern mehr, und die ungleichfarbigen Läufer können
Schwarz auch nicht helfen.} Kf8 41. Qa8+ Ke7 42. Qb7+ Kf8 (42... Kd6 43. Qd7+
Kc5 44. Be4 $18) 43. Qc8+ Kg7 44. Qd7+ Kf8 45. a4 $18 {Der weiße a-Bauer
entscheidet den Kampf.} Qe7 46. Qxe7+ Kxe7 47. a5 {[%csl Ga5,Gg6]} Kf6 48. a6
1-0

[Event "Yerevan"]
[Site "Yerevan"]
[Date "1996.??.??"]
[Round "11"]
[White "Akopian, Vladimir Eduardovic"]
[Black "Nikolic, Predrag"]
[Result "1/2-1/2"]
[WhiteElo "2620"]
[BlackElo "2645"]
[Annotator "Ribli,Z"]
[PlyCount "70"]
[EventDate "1996.04.??"]
[EventType "tourn"]
[EventRounds "11"]
[EventCountry "ARM"]
[EventCategory "15"]
[SourceTitle "CBM 053"]
[Source "ChessBase"]
[SourceDate "1996.08.01"]
[SourceVersion "1"]
[SourceVersionDate "1996.08.01"]
[SourceQuality "1"]

1. c4 e5 2. Nc3 Nc6 3. g3 g6 4. Bg2 Bg7 5. d3 d6 6. Nf3 h6 $146 {Nikolic
probiert eine interessante Neuerung.} 7. Rb1 a5 8. a3 Be6 {Schwarz will erst
seine Lage am Damenfluegel in Ordnung bringen. Er will erst spaeter
entscheiden, wie er seine Entwicklung am Koenigfluegel beenden wird.} (8... Nf6
$5 9. O-O O-O 10. b4 axb4 11. axb4 Be6 {Das ist eine Grundstellung in dieser
Variante.}) (8... f5 $5) 9. b4 axb4 10. axb4 Qd7 11. b5 Nd8 12. Nd5 Ne7 13. e4
Nxd5 14. cxd5 Bh3 15. O-O Bxg2 16. Kxg2 O-O 17. d4 $5 exd4 (17... f5 18. dxe5
fxe4 $2 (18... dxe5 $14) 19. Nh4 $16) 18. Nxd4 {[#] Der Anziehende hat eine
bequeme Stellung: 1. Er hat Raumvorteil -b5, d5 Bauern und der d4 Springer. 2.
Der schwarze Spinger auf d8 steht nicht besonderers toll. 3. Der c7-Bauern ist
ein gutes Angriffziel.} c5 $5 {[#]} 19. dxc6 bxc6 20. Bf4 {>< d6} Re8 $1 {
Mit diesem Zug gewinnt Schwarz ein wichtiges Tempo, um den d6-Bauern zu
verteidigen.} 21. Re1 Bf8 22. Qd3 (22. Qd2 $6 c5 23. Nf3 g5 24. Be3 Qb7 $15 (
24... Rxe4 $5)) 22... cxb5 23. Nxb5 Nb7 {/\ Nc5 >< e4} 24. Be3 Rac8 25. Nc3 Nc5
26. Bxc5 Rxc5 27. Nd5 {Weiss steht ein bisschen besser, weil sein Springer auf
d5 staerker ist als der schwarze Laeufer, aber wegen des reduzierten Materials
hat der Nachziehende gute Rettungschancen.} Bg7 28. Rb4 {/\ Reb1, Rb7} Ra5 $1 {
[#]} 29. Reb1 Ra7 $1 30. h4 h5 31. Rb8 Kh7 32. Qf3 Rxb8 33. Rxb8 Qe6 34. Nf4
Qe5 35. Nd5 Qe6 {Ribli} 1/2-1/2